00631nam a2200217Ia 4500003000900000005001700009008004100026040001300067040001300080041000800093100002500101245000900126250001100135260001500146260000900161300001000170490000600180942001200186999001700198952019800215IT-RoPAU20220918175614.0120407s9999 xx 000 0 und d aIT-RoPAU cIT-RoPAU afra aMarcel Proust935083 aVari aParis  aGallimard  c1975 c18 cm v1 cBK2ddc c21153d21153 00102ddc406840_00000000000000071aPAULUSbPAULUSd2012-04-11l0o840.0r2012-04-11 00:00:00w2012-04-11yBKzInserito da: Mario In data: 19 settembre 2011 fondo: Via A.Severo 56 Progr:36510